000 00368nam a22001337a 4500
003 SGT
020 _a8126700238
082 _a200
_bV2000P
100 _aपटनायक, किशन
245 _aविकल्पहीन नहीं है दुनिया
260 _bराजकमल प्रकाशन
_c2000
300 _a283
942 _2ddc
_cBK
999 _c31816
_d31816